00654nam a2200205 a 4500001001000000003000500010005001700015008004100032010001100073011001100084020001800095040000900113082001600122245014600138260007200284300001100356650002500367650001500392700004100407000110154CHAP20220329144120.0140728s2013 mx |r| ||||||spa d a106616 a107588 a9786071203045 cCHAP04a371.58bE8200aEstudio sobre violencia de género :bla otra cara de la Universidad Autónoma Chapingo /cFrancisco José Zamudio Sánchez ...[et al .]. aChapingo, Méx. :bUACH. División de Ciencias Forestales,c2013. a373 p.14aEnfoque de género.14aViolencia.0 aZamudio Sánchez, Francisco José.